Catálogo público

Parasitología general : (Record no. 208444)

MARC details
000 -CABECERA
campo de control de longitud fija 01159nam a2200337Ia 4500
001 - NÚMERO DE CONTROL
campo de control Para_9797
003 - IDENTIFICADOR DEL NÚMERO DE CONTROL
campo de control CHAP
008 - DATOS DE LONGITUD FIJA--INFORMACIÓN GENERAL
campo de control de longitud fija 220125s2006 xx 000 0 und d
010 ## - NÚMERO DE CONTROL DE LA BIBLIOTECA DEL CONGRESO
Número de control de LC 208444
020 ## - NÚMERO INTERNACIONAL ESTÁNDAR DEL LIBRO
Número Internacional Estándar del Libro 978-84-200-1157-8
040 ## - FUENTE DE LA CATALOGACIÓN
Centro/agencia transcriptor CHAP
082 ## - NÚMERO DE LA CLASIFICACIÓN DECIMAL DEWEY
Número de clasificación PA 616.96 P37
245 ## - MENCIÓN DE TÍTULO
Título Parasitología general :
Resto del título Con principios de inmunología, diagnóstico y lucha antiparasitaria /
Mención de responsabilidad, etc. editores Theodor Hiepe, Richard Lucius, Bruno Gottstein; traductor Javier Arola Navarro
260 ## - PUBLICACIÓN, DISTRIBUCIÓN, ETC.
Lugar de publicación, distribución, etc. Zaragoza, España :
Nombre del editor, distribuidor, etc. Acribia
300 ## - DESCRIPCIÓN FÍSICA
Extensión 600 p.
500 ## - NOTA GENERAL
Nota general Traducción de: Allgemeine parasitologie mit den grundzügen der immunologie, diagnostik und bekämpfung
650 ## - PUNTO DE ACCESO ADICIONAL DE MATERIA--TÉRMINO DE MATERIA
Término de materia o nombre geográfico como elemento de entrada Inmunología
9 (RLIN) 58818
650 ## - PUNTO DE ACCESO ADICIONAL DE MATERIA--TÉRMINO DE MATERIA
Término de materia o nombre geográfico como elemento de entrada Parasitología
9 (RLIN) 85468
650 ## - PUNTO DE ACCESO ADICIONAL DE MATERIA--TÉRMINO DE MATERIA
Término de materia o nombre geográfico como elemento de entrada Parásitos
9 (RLIN) 85652
700 ## - PUNTO DE ACCESO ADICIONAL--NOMBRE DE PERSONA
Nombre de persona Arola Navarro, Javier, tr.
9 (RLIN) 174866
700 ## - PUNTO DE ACCESO ADICIONAL--NOMBRE DE PERSONA
Nombre de persona Gottstein, Bruno, ed.
9 (RLIN) 174867
700 ## - PUNTO DE ACCESO ADICIONAL--NOMBRE DE PERSONA
Nombre de persona Hiepe, Theodor, ed.
9 (RLIN) 174868
700 ## - PUNTO DE ACCESO ADICIONAL--NOMBRE DE PERSONA
Nombre de persona Lucius, Richard, ed.
9 (RLIN) 174869
901 ## - ELEMENTOS DE DATOS A LOCAL LDA (RLIN)
a PA 616.96 P37
902 ## - ELEMENTOS DE DATOS B LOCAL, LDB (RLIN)
a M
905 ## - ELEMENTOS DE DATOS E LOCAL, LDE (RLIN)
a 5232202006 a 8000000300 00
910 ## - DATOS DE OPCIÓN DEL USUARIO (OCLC)
Datos de opción del usuario 2006
942 ## - ELEMENTOS DE PUNTO DE ACCESO ADICIONAL (KOHA)
Tipo de ítem Koha Parasitologia_
942 ## - ELEMENTOS DE PUNTO DE ACCESO ADICIONAL (KOHA)
Tipo de ítem Koha Parasitologia_
-- 1
Holdings
Estado de retiro Estado de pérdida Fuente del sistema de clasificación o colocación Estado dañado Restricciones de uso No para préstamo Código de colección Localización permanente Ubicación/localización actual Fecha de adquisición Número de inventario Total de préstamos Signatura topográfica completa Código de barras Fecha visto por última vez Número de copia Precio válido a partir de Tipo de ítem Koha Nota pública
    Dewey Decimal Classification   Préstamo interno   General Parasitologia Agricola Parasitologia Agricola 18/10/2012 (PA_09872) (No. UACh 261519)   PA 616.96 P37 4102001279 25/01/2022 Ej.1 25/01/2022 Libro 3